| 000 | 00875cam a22002535a 4500 | ||
|---|---|---|---|
| 001 | 4782554 | ||
| 005 | 20180319133812.0 | ||
| 008 | 860411s1982 enka frb 001 0 eng d | ||
| 020 | _a0582300622 | ||
| 020 | _a0582300649 (pbk.) | ||
| 040 |
_aMH _cMH _dDLC _dEG-ScBUE _beng |
||
| 082 | 0 | 4 |
_222 _a307.3 _bCON |
| 245 | 0 | 0 |
_aConflict, politics, and the urban scene / _cedited by Kevin R. Cox and R.J. Johnston. |
| 260 |
_aLondon : _bLongman, _c1982. |
||
| 300 |
_av, 265 p. : _bill. ; _c24 cm. |
||
| 504 | _aIncludes bibliographical references and indexes. | ||
| 650 | 7 |
_aLand use, Urban _xCase studies. _2BUEsh |
|
| 650 | 7 |
_aCities and towns _xCase studies. _2BUEsh |
|
| 650 | 7 |
_aMunicipal government _xCase studies. _2BUEsh |
|
| 653 |
_bGGEN _bBUSBOL _cMarch2018 |
||
| 700 | 1 |
_aCox, Kevin R., _d1939- _eeditor. |
|
| 700 | 1 |
_aJohnston, R. J. _q(Ronald John) _eeditor. |
|
| 942 | _2ddc | ||
| 999 |
_c26345 _d26317 |
||